00892naa#a2200217#i#4500001001600000005001700016011001400033100004100047102000700088200016800095210010100263215001000364608002700374675008400401700003400485700003900519700003300558700003200591700003400623856001700657EN\\bibl\12643420260630020325.2##a2223-9987##a20260629b2026####ek#y0engy0150####ca##aRU1#aIdentification of Arc Processes in the Contact Network of Urban Electric Transport by Methods of Oscillographic Monitoring and Spectral ProcessingeJournal article1#aSaint-PetersburgcFSBEI HE "Emperor Alexander I St. Petersburg State Transport University"d2026##a7 с.##aJournal article2local##aРелейная защита. Селективная защита. 621.316.925#1aAgunovgAleksandr Viktorovich#1aScherban'gAleksandr Vladimirovich#1aArhipovgDmitriy Dmitrievich#1aKuznecovgAnton Alekseevich#1aSimonenkogKirill Dmitrievich4#aatjournal.ru